| 000 | 01313cam a22003617a 4500 | ||
|---|---|---|---|
| 001 | 15437466 | ||
| 003 | PILC | ||
| 005 | 20160115094457.0 | ||
| 008 | 080903s2008 nyua j 000 1 eng d | ||
| 010 | _a 2008298905 | ||
| 020 | _a9780545042567 | ||
| 020 | _a0545042569 | ||
| 035 | _a(OCoLC)ocn178323353 | ||
| 040 |
_aBTCTA _cBTCTA _dBAKER _dXY4 _dJQ8 _dL@L _dDPL _dDLC |
||
| 042 | _alccopycat | ||
| 050 | 0 | 0 |
_aPZ 7 _b.W72433l 2008 |
| 082 | 0 | 0 |
_aFIC _bW72l 2008 |
| 100 | 1 |
_aWindham, Ryder. _919256 |
|
| 245 | 1 | 0 |
_aIndiana jones and the last crusade _cRyder Windham. |
| 260 |
_aNew York : _bLucas Books/Scholastic, _cc2008. |
||
| 300 |
_a233 p. : _bill. (some col.) ; _c20 cm. |
||
| 650 | 0 |
_aJones, Indiana (Fictitious character) _vFiction. _919680 |
|
| 650 | 0 |
_aGrail _vFiction. _919681 |
|
| 700 | 1 |
_aLucas, George, _d1944- _919682 |
|
| 700 | 1 |
_aMeyjes, Menno. _919683 |
|
| 700 | 1 |
_aBoam, Jeffrey. _919684 |
|
| 730 | 0 |
_aIndiana Jones and the Last Crusade (Motion picture) _919685 |
|
| 856 | 4 | 2 |
_3Publisher description _uhttp://www.loc.gov/catdir/enhancements/fy1116/2008298905-d.html |
| 906 |
_a7 _bcbc _ccopycat _d2 _encip _f20 _gy-gencatlg |
||
| 942 |
_2lcc _cBK |
||
| 999 |
_c11288 _d11288 |
||